000 00963cam a22002894a 4500
001 11992366
005 20180302034835.0
008 000502s2000 pauaf b 001 0 eng
010 _a 00033094
020 _a0781717876
035 _a(DNLM)100954567
040 _aDNLM/DLC
_cDLC
_dDLC
041 _aeng
042 _apcc
060 1 0 _a616
_bK29 2000
080 _a616
082 0 0 _a616 HUM
_221
100 _a4
101 _aSHM
245 0 0 _aKelley's textbook of internal medicine /
246 3 0 _aTextbook of internal medicine
504 _aIncludes bibliographical references and index.
906 _a7
_bcbc
_corignew
_d1
_eocip
_f20
_gy-gencatlg
942 _2ddc
_cBK
999 _c43940
_d43940